[Event "Politiken Cup"]
[Site "Helsingor DEN"]
[Date "2014.07.26"]
[EventDate "2014.07.21"]
[Round "7.46"]
[Result "0-1"]
[White "Anton Thaler"]
[Black "Inna Agrest"]
[WhiteElo "2081"]
[BlackElo "2223"]
[PlyCount "46"]

1. d4 Nf6 2. c4 g6 3. Nc3 Bg7 4. e4 d6 5. f3 O-O 6. Nge2 Nbd7
7. Be3 a6 8. Qd2 c5 9. O-O-O cxd4 10. Nxd4 Ne5 11. Kb1 b5
12. cxb5 axb5 13. Ndxb5 Be6 14. Nd5 Nxd5 15. exd5 Bf5+ 16. Ka1
Ra4 17. Nc3 Rb4 18. h3 Qa5 19. f4 Nf3 20. gxf3 Rxb2 21. Qxb2
Qxc3 22. Bd4 Bxd4 23. Rxd4 Qe1+ 0-1

[Event "Politiken Cup"]
[Site "Helsingor DEN"]
[Date "2014.07.27"]
[EventDate "2014.07.21"]
[Round "8.40"]
[Result "1-0"]
[White "Inna Agrest"]
[Black "Jan Rimer"]
[WhiteElo "2223"]
[BlackElo "2039"]
[PlyCount "73"]

1. e4 c5 2. Nf3 g6 3. d4 cxd4 4. Nxd4 Nc6 5. Nc3 Bg7 6. Be3
Nf6 7. Bc4 O-O 8. Bb3 d6 9. f3 Nd7 10. Qd2 Nxd4 11. Bxd4 Nc5
12. Bxg7 Kxg7 13. h4 h5 14. g4 Rh8 15. O-O-O Nxb3+ 16. axb3
Qa5 17. Rdg1 Be6 18. gxh5 Rxh5 19. f4 Kh7 20. Rg5 Qa1+ 21. Nb1
Bxb3 22. Rxh5+ gxh5 23. Qe2 Kh6 24. Qb5 Rg8 25. Qxb3 Qa6
26. Qxf7 Rg7 27. Qe6+ Kh7 28. Qf5+ Kh6 29. Qe6+ Kh7 30. Re1
Qb6 31. Qd5 Kh6 32. f5 Kh7 33. Nc3 Qf2 34. Qd1 Qxh4 35. Nd5
Rg2 36. Kb1 Rg4 37. Rh1 1-0

[Event "Politiken Cup"]
[Site "Helsingor DEN"]
[Date "2014.07.28"]
[EventDate "2014.07.21"]
[Round "9.20"]
[Result "1-0"]
[White "Jens Ove Fries Nielsen"]
[Black "Inna Agrest"]
[WhiteElo "2398"]
[BlackElo "2223"]
[PlyCount "81"]

1. e4 e5 2. Nf3 Nc6 3. Be2 Nf6 4. d3 d5 5. Nbd2 h6 6. exd5
Nxd5 7. Nc4 Qf6 8. O-O Be6 9. Qe1 O-O-O 10. Bd1 Bd6 11. a3
Rhe8 12. b4 Nf4 13. Nxd6+ Rxd6 14. b5 Nd4 15. Nxd4 exd4
16. Qe4 Nd5 17. Bb2 Ne7 18. Re1 h5 19. Bxh5 Qh6 20. Bf3 Bd5
21. Bg4+ Kb8 22. Qe5 Rh8 23. Bxd4 f5 24. Bh3 Bxg2 25. Bxg2 Rg6
26. Kf1 Qg5 27. Bf3 Nc8 28. Be3 Qh4 29. Ke2 Nd6 30. Rg1 Re8
31. Qxe8+ Nxe8 32. Rxg6 Qe7 33. Kd2 Qe5 34. Re1 Qxb5 35. Bc5
a5 36. Rxe8+ Qxe8 37. Rxg7 Qh8 38. Rf7 Qh6+ 39. Kd1 c6 40. Bb6
Qh8 41. Rd7 1-0

[Event "Chess Olympiad (Women)"]
[Site "Tromso NOR"]
[Date "2014.08.04"]
[EventDate "2014.08.02"]
[Round "3.21"]
[Result "1-0"]
[White "Inna Agrest"]
[Black "Natalie Fuad Kamel Jamaliah"]
[WhiteElo "2235"]
[BlackElo "2003"]
[PlyCount "49"]

1. e4 c5 2. Nf3 b6 3. d4 cxd4 4. Nxd4 Bb7 5. Nc3 a6 6. Be3 e6
7. Nb3 d6 8. Qd4 b5 9. O-O-O Qc7 10. f3 Nc6 11. Qd2 Be7
12. Bxb5 axb5 13. Nxb5 Qd8 14. Qf2 Rxa2 15. Bb6 Qc8 16. Kb1
Ra4 17. Qg3 Rb4 18. Qxg7 Rxb5 19. Qxh8 Kd7 20. Nc5+ Ke8
21. Qxg8+ Bf8 22. Rxd6 Rxb6 23. Nd7 Ke7 24. Nxb6 Qb8 25. Rd7+
1-0

[Event "Chess Olympiad (Women)"]
[Site "Tromso NOR"]
[Date "2014.08.05"]
[EventDate "2014.08.02"]
[Round "4.22"]
[Result "0-1"]
[White "Inna Agrest"]
[Black "Veronika Exler"]
[WhiteElo "2235"]
[BlackElo "2189"]
[PlyCount "118"]

1. e4 e5 2. Nf3 Nc6 3. Bb5 Nf6 4. O-O Nxe4 5. Re1 Nd6 6. Nxe5
Be7 7. Bf1 Nxe5 8. Rxe5 O-O 9. Nc3 Bf6 10. Re1 c6 11. d4 Re8
12. Bf4 Rxe1 13. Qxe1 Ne8 14. d5 d6 15. Rd1 Bf5 16. Bd3 Bxd3
17. Rxd3 c5 18. Ne4 Bxb2 19. Rb3 Be5 20. Bg5 Qc7 21. f4 Bd4+
22. Kh1 c4 23. Rh3 f5 24. Nd2 Qf7 25. c3 Bf6 26. Nxc4 Qxd5
27. Re3 Kf8 28. Nb2 h6 29. h4 Qf7 30. Bxf6 Nxf6 31. c4 Re8
32. Rxe8+ Qxe8 33. Qa5 Qe4 34. Qd2 Ke7 35. c5 dxc5 36. Nd3 Ng4
37. Ne1 b5 38. Qa5 Kf8 39. Qc3 Kf7 40. h5 b4 41. Qb3+ Qe6
42. Qb1 a5 43. Nf3 c4 44. Qg1 Qe3 45. Ne5+ Ke6 46. Nxc4 Nf2+
47. Kh2 Qxf4+ 48. g3 Ng4+ 49. Kh3 Qxc4 50. Qb6+ Kd7 51. Qb7+
Kd6 52. Qb8+ Qc7 53. Qf8+ Ke5 54. Qe8+ Kd4 55. Qe2 Qc3 56. Qe7
Qc6 57. Qxg7+ Kd3 58. Qa1 Nf2+ 59. Kh2 Qh1+ 0-1

[Event "Chess Olympiad (Women)"]
[Site "Tromso NOR"]
[Date "2014.08.06"]
[EventDate "2014.08.02"]
[Round "5.24"]
[Result "1/2-1/2"]
[White "Ellisiv Reppen"]
[Black "Inna Agrest"]
[WhiteElo "2016"]
[BlackElo "2235"]
[PlyCount "149"]

1. e4 e5 2. Nf3 Nc6 3. Bb5 a6 4. Ba4 Nf6 5. O-O Bc5 6. c3 b5
7. Bc2 d5 8. d4 dxe4 9. Nbd2 exf3 10. Qxf3 Bb7 11. dxc5 Na5
12. Qg3 O-O 13. Re1 Re8 14. Nf3 e4 15. Nd4 Qd5 16. Bg5 Nh5
17. Qg4 g6 18. Rad1 f5 19. Qh4 Qf7 20. c6 Bc8 21. f3 e3
22. Bxe3 Nc4 23. Bc1 Be6 24. Nxe6 Rxe6 25. Rxe6 Qxe6 26. Rd8+
Rxd8 27. Qxd8+ Kg7 28. Qxc7+ Kg8 29. Qd8+ Kf7 30. Qd7+ Qxd7
31. cxd7 Ke7 32. g4 fxg4 33. fxg4 Ng7 34. b3 Nd6 35. Kf2 Kxd7
36. Kf3 Ne6 37. Be3 a5 38. h4 b4 39. cxb4 axb4 40. Bd3 Nf7
41. Ke4 Kd6 42. Bc4 Ne5 43. Be2 Nd7 44. Bc4 Nf6+ 45. Kf3 Nd5
46. Bd2 Nec7 47. Bf4+ Ke7 48. Bxc7 Nxc7 49. Kf4 h6 50. Ke5 Ne8
51. g5 hxg5 52. hxg5 Ng7 53. Kd4 Kd6 54. Bf7 Ke7 55. Bxg6 Ne6+
56. Kc4 Nxg5 57. Kxb4 Kd6 58. Kb5 Kc7 59. Ka6 Ne6 60. b4 Nf4
61. Be4 Ne2 62. a4 Nc3 63. Bc2 Nd5 64. Ka5 Ne3 65. Bd3 Nd5
66. b5 Nb6 67. Kb4 Kb7 68. Be4+ Ka7 69. a5 Nd7 70. Bc6 Ne5
71. Kc5 Nd3+ 72. Kd6 Nb4 73. Kc5 Nd3+ 74. Kd4 Nf4 75. Kc5
1/2-1/2

[Event "Chess Olympiad (Women)"]
[Site "Tromso NOR"]
[Date "2014.08.08"]
[EventDate "2014.08.02"]
[Round "6.15"]
[Result "0-1"]
[White "Inna Agrest"]
[Black "Thi Nhu Y Hoang"]
[WhiteElo "2235"]
[BlackElo "2269"]
[PlyCount "62"]

1. e4 c6 2. d4 d5 3. Nc3 dxe4 4. Nxe4 Nf6 5. Nxf6+ exf6 6. Be3
Qb6 7. Qc1 Be6 8. Bd3 c5 9. Ne2 Nc6 10. dxc5 Bxc5 11. Bxc5
Qxc5 12. O-O O-O 13. Nf4 Bf5 14. a3 a5 15. Re1 Rac8 16. c3
Bxd3 17. Nxd3 Qf5 18. Qe3 g6 19. Qg3 Rcd8 20. Re3 Rfe8 21. Rf3
Qg5 22. b4 Qd2 23. h4 Qxc3 24. Rf1 Nd4 25. Nf4 Nxf3+ 26. gxf3
Re1 27. Rxe1 Qxe1+ 28. Kh2 Rd1 29. Qg2 Qe5 30. Qg3 Rd4 31. Ng2
Qxg3+ 0-1

[Event "Chess Olympiad (Women)"]
[Site "Tromso NOR"]
[Date "2014.08.09"]
[EventDate "2014.08.02"]
[Round "7.14"]
[Result "1-0"]
[White "Salomeja Zaksaite"]
[Black "Inna Agrest"]
[WhiteElo "2170"]
[BlackElo "2235"]
[PlyCount "175"]

1. e4 e5 2. Nf3 Nc6 3. Bb5 a6 4. Ba4 Nf6 5. O-O b5 6. Bb3 Bc5
7. c3 d6 8. d4 Bb6 9. a4 Rb8 10. Na3 O-O 11. axb5 axb5
12. Nxb5 Bg4 13. Re1 exd4 14. cxd4 Bxf3 15. gxf3 Nxd4 16. Nxd4
Bxd4 17. Bxf7+ Rxf7 18. Qxd4 Nd7 19. Ra3 Qh4 20. f4 Rbf8
21. Kg2 Nc5 22. Rh3 Qg4+ 23. Rg3 Qh4 24. f5 Qf6 25. Qc4 Kh8
26. Re2 Qe5 27. b4 Na4 28. Qb3 Qb5 29. Ra2 Nb6 30. Be3 Nc4
31. Bd4 Qc6 32. Qc3 Ne5 33. Qxc6 Nxc6 34. Bc3 Re8 35. Rd3 h6
36. f3 Rb8 37. Ra4 Kh7 38. Rd5 Rb6 39. Rd1 Rf8 40. Kf2 Rf7
41. Ke2 Rb8 42. Kd3 Ne7 43. Ke3 Re8 44. Kf2 Rb8 45. h4 Rb5
46. h5 Nxf5 47. exf5 Rbxf5 48. Rd3 Rxh5 49. Ra5 Rh4 50. Rad5
Re7 51. Kg3 g5 52. b5 Re2 53. b6 Rhh2 54. Kg4 Kg6 55. Rxd6+
cxd6 56. Rxd6+ Kf7 57. b7 Re8 58. Rb6 Rh4+ 59. Kg3 Rc4 60. Be5
h5 61. b8=Q Rxb8 62. Rxb8 Ke6 63. Bb2 h4+ 64. Kh3 Rf4 65. Rb3
Kf5 66. Bc1 Rc4 67. Rb5+ Kg6 68. Rxg5+ Kf6 69. Rg1 Kf5 70. f4
Rc8 71. Kxh4 Rh8+ 72. Kg3 Rc8 73. Kf3 Rc2 74. Be3 Rc4 75. Rg5+
Kf6 76. Rc5 Ra4 77. Kg4 Re4 78. Rc6+ Kf7 79. Bd2 Re2 80. Bc3
Rh2 81. Kg5 Rg2+ 82. Kf5 Rh2 83. Rc7+ Ke8 84. Kg6 Rg2+ 85. Kf6
Rh2 86. f5 Rh6+ 87. Ke5 Rh2 88. Ke6 1-0

[Event "Chess Olympiad (Women)"]
[Site "Tromso NOR"]
[Date "2014.08.10"]
[EventDate "2014.08.02"]
[Round "8.17"]
[Result "1-0"]
[White "Dinara Saduakassova"]
[Black "Inna Agrest"]
[WhiteElo "2375"]
[BlackElo "2235"]
[PlyCount "67"]

1. d4 Nf6 2. c4 g6 3. Nc3 Bg7 4. e4 d6 5. Nf3 O-O 6. Be2 Nbd7
7. O-O e5 8. Be3 Re8 9. d5 Nh5 10. g3 Bf8 11. Ne1 Ng7 12. Nd3
Be7 13. Qd2 f5 14. f3 Rf8 15. Bh6 Nf6 16. exf5 Nxf5 17. Bxf8
Bxf8 18. g4 Nd4 19. Bd1 c6 20. Kh1 cxd5 21. cxd5 b5 22. Nb4
Bb7 23. Ne2 Nxe2 24. Bxe2 Qb6 25. Rac1 Re8 26. Nc6 Bg7 27. Qb4
Bh6 28. Rcd1 Qe3 29. Bxb5 Ba8 30. Rde1 Qb6 31. a4 a5 32. Qxd6
Kg7 33. Rxe5 Rf8 34. g5 1-0

[Event "Chess Olympiad (Women)"]
[Site "Tromso NOR"]
[Date "2014.08.14"]
[EventDate "2014.08.02"]
[Round "11.17"]
[Result "0-1"]
[White "Inna Agrest"]
[Black "Sulennis Pina Vega"]
[WhiteElo "2235"]
[BlackElo "2270"]
[PlyCount "90"]

1. e4 c5 2. Nc3 Nc6 3. Nge2 e6 4. d4 cxd4 5. Nxd4 Qc7 6. Be3
a6 7. Qd2 Nf6 8. f3 Bb4 9. O-O-O Ne7 10. Nde2 b5 11. Bf4 e5
12. Bg5 h5 13. Kb1 Ba5 14. Bxf6 gxf6 15. Qd3 h4 16. Nd5 Nxd5
17. exd5 d6 18. g3 Bd7 19. f4 Rc8 20. gxh4 Qc4 21. Ng3 Qxd3
22. Bxd3 Rxh4 23. fxe5 fxe5 24. Bf5 Rcc4 25. Rdf1 Rcf4
26. Bxd7+ Kxd7 27. c3 Bb6 28. a3 a5 29. b4 a4 30. Kc2 Rxf1
31. Rxf1 Rxh2+ 32. Kd3 Ke8 33. Rf3 Ra2 34. Ne4 Ke7 35. Ng5 Rf2
36. c4 Rxf3+ 37. Nxf3 f5 38. Nd2 e4+ 39. Kc3 Bf2 40. Kc2 e3
41. Nf3 e2 42. Kd2 e1=Q+ 43. Nxe1 Bxe1+ 44. Kxe1 bxc4 45. Kd2
f4 0-1

[Event "European Team Championship (Women)"]
[Site "Reykjavik ISL"]
[Date "2015.11.14"]
[EventDate "2015.11.13"]
[Round "2.14"]
[Result "0-1"]
[White "Inna Agrest"]
[Black "Laura Unuk"]
[WhiteElo "2175"]
[BlackElo "2297"]
[PlyCount "84"]

1. e4 e6 2. d4 d5 3. Nc3 Nf6 4. Bg5 Bb4 5. e5 h6 6. Bc1 Ne4
7. Qg4 g6 8. Ne2 c5 9. a3 Bxc3+ 10. bxc3 cxd4 11. cxd4 Qa5+
12. c3 Nc6 13. Be3 Ne7 14. Qh3 f6 15. f3 Ng5 16. Qg3 Nf5
17. Qf2 fxe5 18. dxe5 Bd7 19. Bd2 Qc7 20. Nf4 Qxe5+ 21. Be2
Qf6 22. O-O O-O 23. Rae1 Bc6 24. Qc5 Rad8 25. Qxa7 e5 26. Nd3
Ra8 27. Qc5 Ne6 28. Qf2 Rxa3 29. Bd1 e4 30. fxe4 dxe4 31. Nb4
Bb5 32. Be2 Bxe2 33. Qxe2 e3 34. Bxe3 Qxc3 35. Bd2 Qc5+
36. Kh1 Ned4 37. Qg4 Kh7 38. Qe4 Qb5 39. Nd5 Ra2 40. Bc3 Ng3+
41. hxg3 Rxf1+ 42. Kh2 Nf3+ 0-1

[Event "European Team Championship (Women)"]
[Site "Reykjavik ISL"]
[Date "2015.11.15"]
[EventDate "2015.11.13"]
[Round "3.13"]
[Result "0-1"]
[White "Sheila Barth Berntsen Sahl"]
[Black "Inna Agrest"]
[WhiteElo "2190"]
[BlackElo "2175"]
[PlyCount "94"]

1. e4 e5 2. Nf3 Nc6 3. Bc4 Nf6 4. d3 Bc5 5. c3 a6 6. O-O d6
7. Bb3 Ba7 8. h3 h6 9. Re1 g5 10. Nh2 Qe7 11. Be3 Bxe3
12. Rxe3 h5 13. Nd2 Bd7 14. Ndf1 O-O-O 15. d4 g4 16. d5 Nb8
17. h4 Ne8 18. g3 f5 19. c4 f4 20. Rc3 Rf8 21. Rac1 b6 22. Bc2
c5 23. dxc6 Nxc6 24. b4 Nc7 25. b5 Nd4 26. bxa6 Nxa6 27. Rb1
Kc7 28. Nd2 Nc5 29. Nb3 Ncxb3 30. Bxb3 Bc6 31. Bc2 Rb8 32. Bd3
Rb7 33. Rb2 Qf6 34. Bb1 Qg6 35. Qe1 Qf6 36. Ra3 Qe6 37. Qb4
Rfb8 38. Qc3 Rf8 39. Qb4 Qh6 40. Ra7 Rxa7 41. Qxb6+ Kd7
42. Qxa7+ Ke6 43. gxf4 Qxf4 44. Qg7 Qc1+ 45. Kg2 Qxb2 46. Qxf8
Qxb1 47. Qc8+ Ke7 0-1

[Event "European Team Championship (Women)"]
[Site "Reykjavik ISL"]
[Date "2015.11.16"]
[EventDate "2015.11.13"]
[Round "4.14"]
[Result "0-1"]
[White "Inna Agrest"]
[Black "Lenka Ptacnikova"]
[WhiteElo "2175"]
[BlackElo "2189"]
[PlyCount "70"]

1. e4 c6 2. d4 d5 3. Nc3 dxe4 4. Nxe4 Nf6 5. Nxf6+ exf6 6. Nf3
Bd6 7. Bd3 O-O 8. Be3 Be6 9. c3 Qc7 10. Qc2 h6 11. Qd2 Re8
12. O-O h5 13. c4 Nd7 14. h3 Nf8 15. Rac1 c5 16. dxc5 Bxc5
17. Bf4 Qb6 18. Qc2 Bd7 19. Bg3 Bc6 20. Nh4 Rad8 21. Rcd1 a5
22. b3 Rd7 23. Bf5 Rde7 24. Bd3 g6 25. Qd2 Kg7 26. Bf4 Ne6
27. Bh6+ Kh7 28. Qc1 Nd4 29. Kh1 Ne2 30. Qc2 Be4 31. Bc1 Bxf2
32. c5 Ng3+ 33. Kh2 Nxf1+ 34. Rxf1 Qc7+ 35. Kh1 Bxh4 0-1

[Event "European Team Championship (Women)"]
[Site "Reykjavik ISL"]
[Date "2015.11.17"]
[EventDate "2015.11.13"]
[Round "5.13"]
[Result "1-0"]
[White "Jovanka Houska"]
[Black "Inna Agrest"]
[WhiteElo "2391"]
[BlackElo "2175"]
[PlyCount "53"]

1. d4 d5 2. Nf3 e6 3. c4 c5 4. cxd5 exd5 5. g3 Nc6 6. Bg2 Nf6
7. O-O Be7 8. Nc3 O-O 9. Bg5 c4 10. Ne5 h6 11. Bxf6 Bxf6
12. Bxd5 Nxe5 13. dxe5 Bxe5 14. Bxc4 Qc7 15. Qb3 Bh3 16. Rfc1
Rac8 17. Nd5 Qc5 18. Nf4 Bxf4 19. Bxf7+ Rxf7 20. Rxc5 Rxc5
21. gxf4 Bf5 22. Rd1 Rc7 23. f3 Kh7 24. e4 Bg6 25. f5 Bh5
26. Rd8 Rc5 27. Qe6 1-0

[Event "European Team Championship (Women)"]
[Site "Reykjavik ISL"]
[Date "2015.11.19"]
[EventDate "2015.11.13"]
[Round "6.15"]
[Result "1-0"]
[White "Inna Agrest"]
[Black "Tanja Tuominen"]
[WhiteElo "2175"]
[BlackElo "2109"]
[PlyCount "61"]

1. e4 c6 2. d4 d5 3. Nc3 dxe4 4. Nxe4 Bf5 5. Ng3 Bg6 6. N1e2
Nf6 7. c3 e6 8. Nf4 Bd6 9. h4 Bxf4 10. Bxf4 Nd5 11. Bd2 h6
12. h5 Bh7 13. Qg4 Rg8 14. Be2 Nd7 15. Qf3 Qe7 16. O-O g5
17. c4 Nc7 18. Rfe1 O-O-O 19. Rac1 Nf6 20. Bc3 g4 21. Qe3 Rg5
22. d5 c5 23. Bxf6 Qxf6 24. Qxc5 Kb8 25. Bf1 Re5 26. Qd4 Rf5
27. Nxf5 Qxf5 28. d6 Ne8 29. c5 Qxh5 30. c6 Rxd6 31. Qh8 1-0

[Event "European Team Championship (Women)"]
[Site "Reykjavik ISL"]
[Date "2015.11.20"]
[EventDate "2015.11.13"]
[Round "7.13"]
[Result "1-0"]
[White "Dana Reizniece-Ozola"]
[Black "Inna Agrest"]
[WhiteElo "2209"]
[BlackElo "2175"]
[PlyCount "164"]

1. c4 g6 2. Nc3 Bg7 3. d4 Nf6 4. e4 d6 5. f3 O-O 6. Nge2 Nbd7
7. Be3 a6 8. Qd2 c5 9. dxc5 dxc5 10. Rd1 Qc7 11. Nf4 e6
12. Nd3 b6 13. Be2 Bb7 14. Bf4 e5 15. Bg5 Rfe8 16. Nf2 Nf8
17. Nd5 Bxd5 18. cxd5 b5 19. O-O Qd6 20. Rc1 N6d7 21. Rc2 h5
22. b3 Rac8 23. Rfc1 f5 24. Nd3 Nh7 25. Be3 Nhf6 26. Nxc5 fxe4
27. Nxe4 Rxc2 28. Qxc2 Qxd5 29. Nxf6+ Nxf6 30. Qxg6 Qf7
31. Qxf7+ Kxf7 32. Rc7+ Kg8 33. Rc6 e4 34. f4 Nd5 35. Bxh5 Rf8
36. Kf2 Nxf4 37. Bxf4 Rxf4+ 38. Ke3 Rh4 39. g4 Rxh2 40. Rxa6
b4 41. Kxe4 Bf8 42. Kf5 Rf2+ 43. Kg5 Rd2 44. Ra7 Rf2 45. Kg6
Rd2 46. g5 Rd6+ 47. Kf5 Rd5+ 48. Kf6 Rd6+ 49. Ke5 Rd2 50. Bg4
Bg7+ 51. Kf5 Rd5+ 52. Kg6 Rd6+ 53. Kh5 Bd4 54. Rb7 Bc3 55. Be2
Kf8 56. Bc4 Rd2 57. g6 Rh2+ 58. Kg5 Rg2+ 59. Kf5 Rf2+ 60. Ke4
Rg2 61. Rf7+ Ke8 62. Ra7 Kf8 63. Bf7 Rg1 64. a4 bxa3 65. Rxa3
Kg7 66. Ra7 Kf8 67. Rb7 Rg5 68. Kd3 Rg3+ 69. Kc4 Be1 70. b4
Rg4+ 71. Kc5 Rg5+ 72. Kc6 Bf2 73. b5 Rc5+ 74. Kd6 Rc1 75. Ke6
Re1+ 76. Kf5 Bd4 77. Rd7 Bf2 78. Be6 Rg1 79. Rf7+ Ke8 80. g7
Bc5 81. Rc7 Rf1+ 82. Ke4 Re1+ 1-0

[Event "European Team Championship (Women)"]
[Site "Reykjavik ISL"]
[Date "2015.11.21"]
[EventDate "2015.11.13"]
[Round "8.14"]
[Result "1/2-1/2"]
[White "Inna Agrest"]
[Black "Hanne Goossens"]
[WhiteElo "2175"]
[BlackElo "2184"]
[PlyCount "137"]

1. e4 c5 2. Nf3 d6 3. d4 cxd4 4. Nxd4 Nf6 5. Nc3 g6 6. Be3 Bg7
7. f3 O-O 8. Qd2 Nc6 9. Bc4 Bd7 10. Bb3 Rc8 11. O-O-O Nxd4
12. Bxd4 b5 13. h4 a5 14. a3 b4 15. axb4 axb4 16. Nd5 Nxd5
17. Bxg7 Kxg7 18. exd5 Kg8 19. h5 Bf5 20. Qxb4 Rb8 21. Qc3 Qb6
22. Rd4 Rfc8 23. Rc4 Qf2 24. hxg6 fxg6 25. Rxc8+ Rxc8 26. Qd2
Qa7 27. Qh6 g5 28. Qxg5+ Bg6 29. Qg4 Ra8 30. Re1 Qf2 31. Qe6+
Bf7 32. Qe2 Qd4 33. Kb1 Qa7 34. Kc1 Qa1+ 35. Kd2 Qxb2 36. Qe3
Rc8 37. Ke2 Qf6 38. Kf1 Kf8 39. c4 Rb8 40. Bc2 h6 41. Kg1 Rb2
42. Bd3 Rb3 43. Qe4 Rb2 44. Rb1 Rxb1+ 45. Bxb1 Qb2 46. Kh2 Qf6
47. Kg3 Qg5+ 48. Kh2 Qf6 49. Bd3 Qc3 50. Qf5 Qd4 51. f4 Qe3
52. Qe4 Qf2 53. f5 Qb2 54. Bc2 Qc3 55. Ba4 Qf6 56. Bd7 Qc3
57. Be6 Be8 58. Qf4 Qf6 59. Qg3 Qg7 60. Qxg7+ Kxg7 61. Kg3 Ba4
62. Bc8 Bb3 63. Ba6 Kf6 64. Kf4 Bd1 65. Bb5 Bb3 66. g3 Bc2
67. g4 Bb3 68. Ba6 Ba2 69. Bb5 1/2-1/2

[Event "European Team Championship (Women)"]
[Site "Reykjavik ISL"]
[Date "2015.11.22"]
[EventDate "2015.11.13"]
[Round "9.13"]
[Result "0-1"]
[White "Nina Hoiberg"]
[Black "Inna Agrest"]
[WhiteElo "2200"]
[BlackElo "2175"]
[PlyCount "120"]

1. e4 e5 2. Nf3 Nc6 3. d4 exd4 4. Bc4 Nf6 5. e5 d5 6. Bb5 Ne4
7. Nxd4 Bd7 8. Bxc6 bxc6 9. Be3 Bc5 10. Nd2 Nxd2 11. Qxd2 Qe7
12. Nb3 Bb6 13. Qc3 O-O 14. O-O Rae8 15. Bc5 Bxc5 16. Nxc5 Bf5
17. f4 Qh4 18. Rae1 h5 19. Qd2 Qg4 20. c3 Re7 21. Rf3 h4
22. Qf2 Rfe8 23. Rh3 g5 24. Rf3 Qh5 25. g3 gxf4 26. Rxf4 Rxe5
27. Rf1 hxg3 28. Qxg3+ Kf8 29. Qf3 Qg6+ 30. Kh1 Re3 31. Qf2
Re2 32. Nd7+ Kg8 33. Nf6+ Qxf6 34. Rg4+ Kf8 35. Qxf5 Qxf5
36. Rxf5 Rxb2 37. a4 Ra2 38. Rg1 Ree2 39. Rh5 Rxa4 40. Rf1
Raa2 41. Rh7 Ke8 42. Rb1 a5 43. h4 a4 44. Rh8+ Ke7 45. h5 a3
46. h6 Rab2 47. Rd1 a2 48. h7 Rh2+ 49. Kg1 Rbg2+ 50. Kf1 Rg7
51. Re1+ Kd7 52. Ra1 Rgxh7 53. Rxh7 Rxh7 54. Rxa2 Rh3 55. Rc2
c5 56. Kg2 Rd3 57. Rc1 f5 58. c4 d4 59. Rh1 Rc3 60. Rh6 Rxc4
0-1

[Event "Chess Olympiad (Women)"]
[Site "Tromso NOR"]
[Date "2016.09.09"]
[EventDate "?"]
[Round "7.12"]
[Result "1/2-1/2"]
[White "Inna Agrest"]
[Black "Marisa Zuriel"]
[WhiteElo "2222"]
[BlackElo "2272"]
[PlyCount "93"]

1. e4 c5 2. Nf3 d6 3. d4 cxd4 4. Nxd4 Nf6 5. Nc3 a6 6. Bg5 e6
7. f4 Nc6 8. Qd2 h6 9. Bxf6 Qxf6 10. Nf3 Qd8 11. O-O-O Be7
12. g4 g5 13. f5 Ne5 14. Nd4 Qc7 15. Be2 Bd7 16. Rhf1 b5
17. Qe3 Qc5 18. Qh3 O-O-O 19. Nb3 Qb6 20. Rd4 Kb8 21. a4 Nc6
22. Rd2 b4 23. Nd1 Na5 24. fxe6 fxe6 25. Rf7 Rde8 26. Qg3
Nxb3+ 27. Qxb3 Rhf8 28. Rxf8 Rxf8 29. Bc4 Qa5 30. Bxe6 Qxa4
31. Qxa4 Bxa4 32. Bf5 Kc7 33. Ne3 Bc6 34. Rd4 a5 35. b3 Bf6
36. Nd5+ Bxd5 37. Rxd5 Ra8 38. Kd2 Be5 39. h3 Kb6 40. Rd3 Ra7
41. Be6 Rc7 42. Rf3 Bf4+ 43. Kd1 Re7 44. Bd5 Ra7 45. h4 Kc5
46. Ke2 Rc7 47. Kd3 1/2-1/2

[Event "Chess Olympiad (Women)"]
[Site "Tromso NOR"]
[Date "2016.09.12"]
[EventDate "2016.09.02"]
[Round "10.23"]
[Result "1-0"]
[White "Inna Agrest"]
[Black "Joy Durno"]
[WhiteElo "2222"]
[BlackElo "1894"]
[PlyCount "65"]

1. e4 c5 2. Nf3 d6 3. d4 cxd4 4. Nxd4 Nf6 5. Nc3 Nc6 6. Bg5 e6
7. Qd2 Be7 8. O-O-O Nxd4 9. Qxd4 O-O 10. f4 h6 11. Bh4 Qa5
12. Be1 Qc7 13. Kb1 e5 14. Qd2 exf4 15. Qxf4 Be6 16. Bd3 Nd7
17. Nd5 Qd8 18. Bc3 Re8 19. Rhf1 Ne5 20. Bb5 Ng6 21. Qf2 Rf8
22. Qd4 f6 23. Nxe7+ Qxe7 24. Qxd6 a6 25. Qxe7 Nxe7 26. Bd7
Bc4 27. Rf2 Nc6 28. b3 Bf7 29. Rfd2 Rfd8 30. a4 Kh7 31. e5
fxe5 32. Bxc6 Rxd2 33. Be4+ 1-0

[Event "Scandic Ariadne Masters"]
[Site "Stockholm SWE"]
[Date "2016.11.04"]
[EventDate "2016.11.04"]
[Round "4.2"]
[Result "1-0"]
[White "Oleg Korneev"]
[Black "Inna Agrest"]
[WhiteElo "2582"]
[BlackElo "2254"]
[PlyCount "91"]

1. e4 e5 2. Nf3 Nc6 3. Bb5 a6 4. Ba4 Nf6 5. d3 Bc5 6. O-O b5
7. Bb3 d6 8. Nc3 h6 9. Nd5 Rb8 10. c3 O-O 11. h3 Ba7 12. Re1
Bb7 13. a4 Nxd5 14. Bxd5 b4 15. a5 Ne7 16. Bc4 c5 17. Nh4 d5
18. exd5 Nxd5 19. Nf3 bxc3 20. Nxe5 Qd6 21. bxc3 Rbe8 22. Bxd5
Qxd5 23. Nf3 Rxe1+ 24. Nxe1 c4 25. d4 Bb8 26. Rb1 Re8 27. Be3
Ba8 28. Qg4 Qd6 29. Rxb8 Qxb8 30. Nf3 Bxf3 31. Qxf3 Qb5
32. Qg4 Kh8 33. g3 Qxa5 34. Qd7 Qb5 35. Qxf7 a5 36. d5 a4
37. d6 Rxe3 38. fxe3 Qc5 39. Qe8+ Kh7 40. d7 Qd6 41. d8=Q
Qxg3+ 42. Kf1 Qxh3+ 43. Ke1 Qh1+ 44. Kd2 Qg2+ 45. Kc1 Qf1+
46. Qd1 1-0

[Event "PRO Chess League (Central)"]
[Site "chess.com INT"]
[Date "2017.01.11"]
[EventDate "2017.01.11"]
[Round "1"]
[Result "1-0"]
[White "David Klein"]
[Black "Inna Agrest"]
[WhiteElo "2509"]
[BlackElo "2273"]
[PlyCount "83"]

1. e4 e5 2. Nf3 Nc6 3. Nc3 Nf6 4. d4 exd4 5. Nxd4 Bb4 6. Nxc6
bxc6 7. Bd3 O-O 8. O-O Re8 9. Qf3 Rb8 10. h3 Bd6 11. Rb1 Be5
12. Be3 a5 13. Na4 d6 14. b3 Bd7 15. Bd2 c5 16. Nb2 a4 17. Nc4
Bc6 18. Rfe1 Nd7 19. Na5 Ba8 20. bxa4 Nb6 21. Bb5 Re6 22. Nc6
Bxc6 23. Bxc6 Nc4 24. Qe2 Nxd2 25. Qxd2 Rb6 26. Bd5 Re8 27. a5
Rxb1 28. Rxb1 Qd7 29. Rb7 Ra8 30. a6 Qa4 31. Rxc7 Rb8 32. Rb7
Rxb7 33. axb7 Qb5 34. g3 g6 35. Qd3 Qe8 36. Qf3 Kg7 37. Qxf7+
Qxf7 38. Bxf7 d5 39. Bxd5 Kf6 40. f4 Bb8 41. e5+ Ke7 42. Kg2
1-0

[Event "PRO Chess League (Central)"]
[Site "chess.com INT"]
[Date "2017.01.11"]
[EventDate "2017.01.11"]
[Round "1"]
[Result "0-1"]
[White "Inna Agrest"]
[Black "Wouter Spoelman"]
[WhiteElo "2273"]
[BlackElo "2584"]
[PlyCount "106"]

1. e4 c5 2. Nf3 e6 3. d4 cxd4 4. Nxd4 Nc6 5. Nc3 Qc7 6. Be3 a6
7. Qf3 b5 8. a3 Bb7 9. Bd3 Ne5 10. Qh3 Nf6 11. O-O Be7 12. f4
Nc4 13. Bxc4 Qxc4 14. e5 Nd5 15. Nxd5 Qxd5 16. Rad1 g6 17. c3
Qc4 18. Bf2 h6 19. Rd2 f5 20. Rfd1 Kf7 21. Bh4 g5 22. Bf2 Rad8
23. Be3 Kg6 24. Ne2 g4 25. Qg3 Bc6 26. Qf2 h5 27. h4 Bd5
28. Nd4 Rhf8 29. Ne2 Qc6 30. Nd4 Qb7 31. Ne2 Rc8 32. Nd4 Rc4
33. Ne2 a5 34. Bd4 b4 35. axb4 axb4 36. b3 Rxc3 37. Nxc3 bxc3
38. Bxc3 Qxb3 39. Bd4 Rc8 40. Qe2 Rc4 41. Kh1 Bxh4 42. Bf2 Be7
43. Kg1 Re4 44. Qf1 Rxf4 45. Qe2 Re4 46. Qf1 h4 47. Rd3 Qb7
48. Re3 Rf4 49. Qe2 Bxg2 50. Bxh4 Bf3 51. Rxf3 gxf3 52. Qf2
Rg4+ 53. Kh1 Bxh4 0-1

[Event "PRO Chess League (Central)"]
[Site "chess.com INT"]
[Date "2017.01.11"]
[EventDate "2017.01.11"]
[Round "1"]
[Result "0-1"]
[White "Inna Agrest"]
[Black "Christov Kleijn"]
[WhiteElo "2273"]
[BlackElo "2437"]
[PlyCount "78"]

1. e4 c5 2. Nf3 d6 3. d4 cxd4 4. Nxd4 Nf6 5. Nc3 a6 6. Bg5
Nbd7 7. f4 Qc7 8. Qf3 h6 9. Bh4 g5 10. Bf2 gxf4 11. O-O-O e6
12. Kb1 b5 13. Bd3 Bb7 14. Rhe1 Be7 15. a3 Ne5 16. Qh3 Nfg4
17. Bg1 h5 18. Nde2 Ne3 19. Bxe3 fxe3 20. Qxe3 Qc5 21. Qh3 Ng4
22. Qg3 Qe5 23. Nf4 O-O-O 24. h3 Nf6 25. Qf3 Nd7 26. Be2 h4
27. a4 bxa4 28. Nxa4 Qa5 29. Nc3 Ne5 30. Qe3 Bg5 31. Rf1 Ng6
32. Bg4 Kb8 33. Nce2 e5 34. Qb3 Nxf4 35. Nxf4 Bxf4 36. Qxf7
Bxe4 37. Qb3+ Qb5 38. Qxb5+ axb5 39. Be2 Bxg2 0-1